Normal view MARC view
  • Balochistan- Pakistan

Entry Topical Term

Number of records used in: 3

001 - CONTROL NUMBER

  • control field: 4586

003 - CONTROL NUMBER IDENTIFIER

  • control field: NUST

005 - DATE AND TIME OF LATEST TRANSACTION

  • control field: 20170914104706.0

008 - FIXED-LENGTH DATA ELEMENTS

  • fixed length control field: 170914|| aca||aabn | a|a d

040 ## - CATALOGING SOURCE

  • Original cataloging agency: NUST
  • Transcribing agency: NUST

150 ## - HEADING--TOPICAL TERM

  • Topical term or geographic name entry element: Balochistan- Pakistan

670 ## - SOURCE DATA FOUND

  • Source citation: Work cat.: (NUST): T̤āhir Bizanjo. 4585, Great game aur Balochistan /, 2006
© 2023 Central Library, National University of Sciences and Technology. All Rights Reserved.